AGRI-FACTS OBJECTIVE PLANT PROTECTION:for ARS/NET/JRF/SRF/UPSC/SAUs EXAM (Record no. 5059)

MARC details
000 -LEADER
fixed length control field 00406nam a22001577a 4500
005 - DATE AND TIME OF LATEST TRANSACTION
control field 20230415115847.0
008 - FIXED-LENGTH DATA ELEMENTS--GENERAL INFORMATION
fixed length control field 160701b xxu||||| |||| 00| 0 eng d
041 ## - LANGUAGE CODE
Language code of text/sound track or separate title eng
082 ## - DEWEY DECIMAL CLASSIFICATION NUMBER
Item number 20345
100 ## - MAIN ENTRY--AUTHOR NAME
Personal name SAI PRASAD, S.V.
245 ## - TITLE STATEMENT
Title AGRI-FACTS OBJECTIVE PLANT PROTECTION:for ARS/NET/JRF/SRF/UPSC/SAUs EXAM
260 ## - PUBLICATION, DISTRIBUTION, ETC. (IMPRINT)
Name of publisher New vishal
300 ## - PHYSICAL DESCRIPTION
Number of Pages 552
650 ## - SUBJECT ADDED ENTRY--TOPICAL TERM
Topical Term Agriculture
942 ## - ADDED ENTRY ELEMENTS (KOHA)
Koha item type Books
Holdings
Lost status Damaged status Home library Current library Shelving location Date acquired Cost, normal purchase price Full call number Accession Number Koha item type Source of acquisition
    JRU Library JRU Library SHELF-46-H 01/07/2016 450.00 20345 20345 Books  
    JRU Library JRU Library SHELF-46-H 01/07/2016 450.00 20345 20346 Books PURCHASE